01422cam a22002774a 45000010009000000050017000090080041000260200031000670200028000980350024001260400057001500820024002071000034002312450059002652600058003243000032003825040066004145050353004806100035008336510034008686510055009026530022009579420012009799990017009919520136010081620716020110516163816.0100428s2011 enkb b 001 0 eng  a9780199744848 (alk. paper) a019974484X (alk. paper) a(OCoLC)ocn611553075 aDLCcDLCdYDXdYDXCPdNLGGCdBWXdMNJdCDXdIULdDLC00a281.720962222bARM1 aArmanios, Febe,d1974-92887010aCoptic Christianity in Ottoman Egypt /cFebe Armanios. aOxford ;aNew York :bOxford University Press,c2011. aix, 254 p. :bmap ;c24 cm. aIncludes bibliographical references (p. [155]-243) and index.0 aLocating Copts in Ottoman history -- Championing a communal ethos : the neo-martyrdom of St. Salib in the sixteenth century -- A female martyr cult in the Nile Delta : Dimyana and the forty virgins -- The miracle of pilgrimage : a journey to Jerusalem in the early eighteenth century -- Weapons of the faithful : defining orthodoxy through sermons.20aCoptic ChurchxHistory.928871 0aEgyptxChurch history.928872 0aTurkeyxHistoryyOttoman Empire, 1288-1918.928873 bPolcFebruary2012 2ddccBB c16456d16456 00102ddc40708MERICaMAINbMAINcLOWd2012-02-13epurchaseg540.00h13168l0o281.720962 ARMp000026107r2025-07-15 00:00:00yBB